00693 2200265 4500001002100000005001500021035002000036007000300056008004100059020001800100082001100118084001700129100002900146245002700175250001200202300004500214650001100259650001100270700002500281264003400306336002100340337003000361338002300391990001300414INLIS00000000112167120251106100632 a0010-1125000028ta251106 0 ind  a9786022506799 a297.51 a297.51 PEN p0 aPenuntun JiwaePengarang1 aPenuntun Jiwa /cHamka aEdisi 1 aviii, 92 halaman :bilustrasi ;c18.3 cm 4aAkhlak 4aMorals0 aMardiatiePenyunting aJakarta :bGema Insani,c2019 2rdacontentaTeks 2rdamediaaTanpa Perantara 2rdacarrieraVolume a25/00198